Sport olimpici estivi - Morte improvvisa - Statistics

Statistiche generali
  • Questo quiz è stato fatto 1.170 volte
    721 dall'ultimo reset
  • Il punteggio medio è 11 su 36
Answers on the Grid
Answers color-coded by a green-red scale on the quiz's grid according to % correct below.
Arrampicata sportiva
Atletica leggera
Badminton
Baseball
Calcio
Canoa
Canottaggio
Ciclismo
Cricket
Equitazione
Flag football
Ginnastica
Golf
Hockey su prato
Judo
Lacrosse
Lotta
Pallacanestro
Pallamano
Pallavolo
Pentathlon moderno
Rugby a 7
Scherma
Skateboard
Sollevamento pesi
Nuoto
Squash
Surf
Taekwondo
Tennis
Tennistavolo
Tiro a segno
Tiro con l'arco
Triathlon
Vela
Breakdance
Croquet
Karate
Pallacorda
Polo
Rugby a 15
Tiro alla fune
Bocce
Bowling
Biliardo
Ju jitsu
Sumo
Sci nautico
Freccette
Football americano
Pelota basca
Beach soccer
Boxe
Paracadutismo
 
Statistiche sulle risposte
Risposta % Corretto
Nuoto
49%
Tennis
48%
Pallavolo
46%
Atletica leggera
45%
Ciclismo
45%
Tiro con l'arco
45%
Scherma
44%
Calcio
43%
Canottaggio
43%
Pallacanestro
42%
Tennistavolo
39%
Canoa
37%
Vela
37%
Equitazione
36%
Ginnastica
36%
Judo
34%
Sollevamento pesi
34%
Boxe
33%
Triathlon
33%
Taekwondo
32%
Tiro a segno
32%
Lotta
30%
Arrampicata sportiva
28%
Badminton
28%
Pallamano
28%
Golf
25%
Skateboard
24%
Surf
23%
Pentathlon moderno
20%
Rugby a 7
18%
Baseball
16%
Hockey su prato
12%
Cricket
6%
Lacrosse
3%
Squash
3%
Flag football
1%
Nessun quiz corrispondente trovato
Distribuzione punteggi
Percentuale di utenti per punteggio
Percentile per numero di risposta
I tuoi punteggi nel tempo
Non hai fatto questo quiz dall'ultimo reset